000
00306nam a22001217a 4500
008
140425t xxu||||| |||| 00| 0 eng d
020
_a
978-0-471-21386-4
100
_a
Shayne Cox Gad
_9
829
245
_a
Handbook of Pharmaceutical Biotechnology
300
_a
1659
440
_v
Volume 1
_9
830
942
_2
ddc
_c
BK
999
_c
17076
_d
17076